000 00351cam a2200145ua 4500
041 _aeng
_h
082 _a828.09
_bTRA/Wo
100 _aTrawick, Buckner B .
245 _aWorld litreature /
_cTrawick.
_hTextual Documents
260 _aNewyork :
_bBarnes & noble ,
_c1961.
300 _a280 ; .
504 _a
942 _cBK
999 _c11625
_d11625